Statistiques concernant Devinez le Département Mystère #44

Cliquez ici pour prendre le quiz!

Statistiques générales

  • Ce quiz a été pris 118 fois
  • Le résultat moyen est 31 sur 43

Statistiques - réponses

Type de RéponseRéponse% Correct
Lettre TrouvéeE
100%
Lettre TrouvéeA
99%
Lettre TrouvéeN
99%
Lettre TrouvéeR
99%
Lettre TrouvéeT
99%
Lettre TrouvéeI
98%
Lettre de l'AlphabetL
98%
Lettre de l'AlphabetS
98%
Lettre de l'AlphabetO
96%
Lettre de l'AlphabetU
95%
Lettre TrouvéeH
92%
Lettre de l'AlphabetP
92%
Lettre TrouvéeM
90%
Lettre TrouvéeC
86%
Lettre de l'AlphabetD
86%
Lettre de l'AlphabetV
82%
Lettre de l'AlphabetY
79%
Lettre de l'AlphabetB
74%
Lettre de l'AlphabetF
71%
Lettre de l'AlphabetG
71%
Lettre de l'AlphabetQ
71%
Lettre de l'AlphabetZ
60%
Lettre de l'AlphabetJ
59%
Lettre de l'AlphabetX
56%
Lettre Bien PlacéeA
55%
Lettre Bien PlacéeA
55%
Lettre Bien PlacéeC
55%
Département MystèreCharente-Maritime
55%
Lettre Bien PlacéeE
55%
Lettre Bien PlacéeE
55%
Lettre Bien PlacéeE
55%
Lettre Bien PlacéeH
55%
Lettre Bien PlacéeI
55%
Lettre Bien PlacéeI
55%
Lettre de l'AlphabetK
55%
Lettre Bien PlacéeM
55%
Lettre Bien PlacéeM
55%
Lettre Bien PlacéeN
55%
Lettre Bien PlacéeR
55%
Lettre Bien PlacéeR
55%
Lettre Bien PlacéeT
55%
Lettre Bien PlacéeT
55%
Lettre de l'AlphabetW
55%

Distribution des résultats

Percentile par nombre de réponses

% des personnes avec chaque résultat

Votre développement - résultats

Vous n’avez pas pris ce quiz